<?xml version="1.0" encoding="UTF-8"?>
<record
    xmlns:xsi="http://www.w3.org/2001/XMLSchema-instance"
    xsi:schemaLocation="http://www.loc.gov/MARC21/slim http://www.loc.gov/standards/marcxml/schema/MARC21slim.xsd"
    xmlns="http://www.loc.gov/MARC21/slim">

  <leader>01161nam a2200217Ia 4500</leader>
  <datafield tag="952" ind1=" " ind2=" ">
    <subfield code="0">0</subfield>
    <subfield code="1">0</subfield>
    <subfield code="4">0</subfield>
    <subfield code="7">0</subfield>
    <subfield code="a">04</subfield>
    <subfield code="b">04</subfield>
    <subfield code="d">2011-08-08</subfield>
    <subfield code="l">2</subfield>
    <subfield code="o">H61.28 O77</subfield>
    <subfield code="p">04 003496</subfield>
    <subfield code="r">2014-12-11</subfield>
    <subfield code="s">2014-12-11</subfield>
    <subfield code="t">1</subfield>
    <subfield code="w">2012-06-24</subfield>
    <subfield code="y">LB</subfield>
  </datafield>
  <datafield tag="952" ind1=" " ind2=" ">
    <subfield code="0">0</subfield>
    <subfield code="1">0</subfield>
    <subfield code="4">0</subfield>
    <subfield code="7">0</subfield>
    <subfield code="a">04</subfield>
    <subfield code="b">04</subfield>
    <subfield code="d">2013-08-21</subfield>
    <subfield code="l">3</subfield>
    <subfield code="o">H61.28 O77</subfield>
    <subfield code="p">04 004261</subfield>
    <subfield code="r">2016-06-25</subfield>
    <subfield code="s">2016-06-24</subfield>
    <subfield code="t">2</subfield>
    <subfield code="w">2013-08-21</subfield>
    <subfield code="y">LB</subfield>
  </datafield>
  <datafield tag="952" ind1=" " ind2=" ">
    <subfield code="0">0</subfield>
    <subfield code="1">0</subfield>
    <subfield code="4">0</subfield>
    <subfield code="7">0</subfield>
    <subfield code="a">04</subfield>
    <subfield code="b">04</subfield>
    <subfield code="d">2015-05-20</subfield>
    <subfield code="l">2</subfield>
    <subfield code="o">H61.28 O77</subfield>
    <subfield code="p">04 005173</subfield>
    <subfield code="r">2017-09-07</subfield>
    <subfield code="s">2017-08-31</subfield>
    <subfield code="t">3</subfield>
    <subfield code="w">2015-05-20</subfield>
    <subfield code="y">LB</subfield>
  </datafield>
  <datafield tag="999" ind1=" " ind2=" ">
    <subfield code="c">62867</subfield>
    <subfield code="d">62867</subfield>
  </datafield>
  <controlfield tag="008">120625s20072014mx A          000 0 esp d</controlfield>
  <datafield tag="020" ind1=" " ind2=" ">
    <subfield code="a">9789681869731</subfield>
  </datafield>
  <datafield tag="050" ind1="0" ind2="4">
    <subfield code="a">H61.28</subfield>
    <subfield code="b">O77</subfield>
  </datafield>
  <datafield tag="100" ind1="1" ind2=" ">
    <subfield code="a">ORTIZ URIBE, Frida Gisela.</subfield>
    <subfield code="e">autor </subfield>
  </datafield>
  <datafield tag="245" ind1="1" ind2="3">
    <subfield code="a">La entrevista de investigaci&#xF3;n en las ciencias sociales </subfield>
    <subfield code="c">/ Frida Gisela Ortiz Uribe.</subfield>
  </datafield>
  <datafield tag="260" ind1=" " ind2=" ">
    <subfield code="a">M&#xE9;xico :</subfield>
    <subfield code="b">Limusa, </subfield>
    <subfield code="c">2007</subfield>
  </datafield>
  <datafield tag="300" ind1=" " ind2=" ">
    <subfield code="a">211 p&#xE1;ginas</subfield>
    <subfield code="c">, 23 cm</subfield>
  </datafield>
  <datafield tag="500" ind1=" " ind2=" ">
    <subfield code="a">Reimpresi&#xF3;n, 2014</subfield>
  </datafield>
  <datafield tag="505" ind1="1" ind2=" ">
    <subfield code="a">La entrevista en la investigaci&#xF3;n
Modalidades de la entrevista
Unidades de an&#xE1;lisis
T&#xE9;cnicas de encuesta
Sondeo
Preparaci&#xF3;n y realizaci&#xF3;n de la entrevista
Principios directivos de la entrevista
La entrevista y sus tipos de prop&#xF3;sitos
Limitaciones de la investigaci&#xF3;n por entrevista </subfield>
  </datafield>
  <datafield tag="519" ind1=" " ind2=" ">
    <subfield code="a">Plan Flexible /</subfield>
    <subfield code="b">Psicolog&#xED;a /</subfield>
    <subfield code="c">Teor&#xED;a Y T&#xE9;cnica De La Entrevista (B12) /</subfield>
    <subfield code="d">(04 004261)</subfield>
  </datafield>
  <datafield tag="519" ind1=" " ind2=" ">
    <subfield code="a">Plan Flexible /</subfield>
    <subfield code="b">Psicolog&#xED;a /</subfield>
    <subfield code="c">Psicolog&#xED;a Cl&#xED;nica (P09) /</subfield>
    <subfield code="d">(04 003496)</subfield>
  </datafield>
  <datafield tag="519" ind1=" " ind2=" ">
    <subfield code="a">Educaci&#xF3;n Mixta /</subfield>
    <subfield code="b">Criminal&#xED;stica /</subfield>
    <subfield code="c">T&#xE9;cnicas De Entrevista E Interrogatorio (B20) /</subfield>
    <subfield code="d">(04 005173)</subfield>
  </datafield>
  <datafield tag="650" ind1="1" ind2="0">
    <subfield code="a">CIENCIAS SOCIALES </subfield>
    <subfield code="x">INVESTIGACI&#xD3;N</subfield>
  </datafield>
  <datafield tag="650" ind1="2" ind2="0">
    <subfield code="a">ENTREVISTA</subfield>
    <subfield code="x">T&#xC9;CNICAS</subfield>
  </datafield>
  <datafield tag="942" ind1=" " ind2=" ">
    <subfield code="c">LB</subfield>
  </datafield>
</record>
